Statistics for Vlajky Ruské federace

Click here to take the quiz!

General Stats

  • This quiz has been taken 6 times
  • The average score is 21 of 85

Answer Stats

TypeFederal Subject% Correct
CityMoskva
100%
OblastVolgogradská oblast
100%
RepublicBurjatsko
67%
RepublicČečensko
67%
OblastIrkutská oblast
67%
OblastOmská oblast
67%
CityPetrohrad
67%
RepublicTuva
67%
RepublicAdygejsko
33%
RepublicAltaj
33%
KraiAltajský kraj
33%
OblastAmurská oblast
33%
OblastAstrachaňská oblast
33%
RepublicBaškortostán
33%
OblastBělgorodská oblast
33%
OblastČeljabinská oblast
33%
KraiChabarovský kraj
33%
Autonomous OkrugChantymansijský autonomní okruh / Jugra
33%
Autonomous OkrugČukotský autonomní okruh
33%
RepublicČuvašsko
33%
RepublicDagestán
33%
RepublicIngušsko
33%
Autonomous OkrugJamalo-něnecký autonomní okruh
33%
RepublicKabardsko-Balkarsko
33%
RepublicKalmycko
33%
RepublicKaračajsko-Čerkesko
33%
RepublicKarélie
33%
OblastKemerovská oblast
33%
KraiKrasnodarský kraj
33%
KraiKrasnojarský kraj
33%
RepublicKrym
33%
OblastLeningradská oblast
33%
OblastMagadanská oblast
33%
OblastMoskevská oblast
33%
Autonomous OkrugNěnecký autonomní okruh
33%
OblastNovgorodská oblast
33%
OblastNovosibirská oblast
33%
KraiPermský kraj
33%
KraiPřímořský kraj
33%
RepublicSacha
33%
OblastSachalinská oblast
33%
OblastSaratovská oblast
33%
CitySevastopol
33%
RepublicSeverní Osetie-Alanie
33%
OblastSverdlovská oblast
33%
RepublicTatarstán
33%
OblastTomská oblast
33%
OblastŤumeňská oblast
33%
OblastTverská oblast
33%
RepublicUdmurtsko
33%
KraiZabajkalský kraj
33%
Autonomous OblastŽidovská autonomní oblast
33%
OblastArchangelská oblast
0%
OblastBrjanská oblast
0%
RepublicChakasie
0%
Oblast
Rjazaňská oblast
0%
OblastIvanovská oblast
0%
OblastJaroslavská oblast
0%
OblastKaliningradská oblast
0%
OblastKalužská oblast
0%
KraiKamčatský kraj
0%
OblastKirovská oblast
0%
RepublicKomi
0%
OblastKostromská oblast
0%
OblastKurganská oblast
0%
OblastKurská oblast
0%
OblastLipecká oblast
0%
RepublicMarijsko
0%
RepublicMordvinsko
0%
OblastMurmanská oblast
0%
OblastNižněnovgorodská oblast
0%
OblastOrelská oblast
0%
OblastOrenburská oblast
0%
OblastPenzenská oblast
0%
OblastPskovská oblast
0%
OblastRostovská oblast
0%
OblastSamarská oblast
0%
OblastSmolenská oblast
0%
KraiStavropolský kraj
0%
OblastTambovská oblast
0%
OblastTulská oblast
0%
OblastUljanovská oblast
0%
OblastVladimirská oblast
0%
OblastVologdská oblast
0%
OblastVoroněžská oblast
0%

Score Distribution

Percentile by Number Answered

Percent of People with Each Score

Your Score History

You have not taken this quiz